000 00661nam a2200217Ii 4500
003 JO-AjNU
008 230605s9999||||xx |||||||||||||| ||und||
017 _a38008
040 _aJO-AjNU
_bara
_erda
_cJO-AjNU
041 _aara
050 1 4 _aRA776.9 2004
100 3 _aالبطراوي، عبدالوهاب عمر ,
_eauthor
_938599
245 0 0 _aمخاطر الهاتف المحمول
250 _aط1
264 3 1 _aعمان:مكتبة الطارق ، 2004
300 _a42ص
336 _atext
_btxt
_2rdacontent
337 _aunmediated
_bn
_2rdamedia
338 _avolume
_bnc
_2rdacarrier
650 4 _aالهاتف الخلوي - مخاطر
_938600
999 _aA16230
_c19798
_d19798